Responses for show #6744 - Thursday, January 2, 2014

Jerry Slowik game 6.

Contestants

[<< previous game]

Rachel Samberg, an academic tutor and performer from New York, New York

Sarah Olson, a project coordinator from El Cerrito, California

Jerry Slowik, a writer from Arlington Heights, Illinois (whose 5-day cash winnings total $121,800)

[next game >>]

Jeopardy! Round responses

JANUARY HOLIDAYS & OBSERVANCES
JOINING THE TV CAST LATER
WORLD OF FACTS
JOE PARTY
BASS
"ACK" WORDS
    $200 9
China

Sarah
    $200 4
Law & Order

Jerry
    $200 1
the Colorado

Jerry
    $200 20
Joe Kennedy

Jerry
    $200 12
lure

Sarah
    $200 13
ransack

Jerry
    $400 23
Alaska

Jerry
    $400 5
Mad Men

Sarah
    $400 2
Libya

Triple Stumper
    $400 21
Joseph Barbera

Jerry
    $400 14
widemouth (or largemouth) bass

Sarah
    $400 15
tackle

Jerry
    $600 24
Inauguration Day

Triple Stumper
    $600 6
ER

Sarah
    $600 3
Sydney

Sarah
    $600 22
the 1920s

Rachel
    $600 16
(Jerry: What is the spotted bass?)

striped bass

JerrySarah
    $600 17
hijacking

Jerry
    $800 25
Monaco

Rachel
    $800 7
Smallville

Jerry
    $600 10
Rio de Janeiro

Sarah
    $800 27
Pulitzer

Jerry
    $800 29
Bassmaster Classic

Triple Stumper
    $800 18
acknowledgment

Sarah
    $1000 26
Tamils

Triple Stumper
    $1000 8
The Office

Rachel
    $1000 11
the Apennines

Sarah
    $1000 28
(Franz Joseph) Haydn

Sarah
    $1000 30
sunfish

Triple Stumper
    $1000 19
backdating

Jerry

Scores at the first commercial break (after clue 15):

Jerry Sarah Rachel
$1,800 $4,000 $1,000

Scores at the end of the Jeopardy! Round:

Jerry Sarah Rachel
$4,600 $6,400 $2,400

Double Jeopardy! Round responses

A SLAYING SONG TONIGHT
THIS & THAT
AMERICAN HISTORY
TUNNELS
WORD ORIGINS
STONE COLD JANE AUSTEN
    $400 17
The Police

Sarah
    $400 12
Olivia

Rachel
    $400 11
The Euphrates

Rachel
    $400 1
negligee

Sarah
    $400 2
(Mr.) Darcy

Sarah
    $800 18
Johnny Cash

Jerry
    $800 13
Delaware

Rachel
    $800 29
[The end-of-round signal sounds.]

the Pony Express

Jerry
    $800 22
Sinai

Jerry
    $800 7
heliotrope

Sarah
    $800 3
Emma

Sarah
    $1200 19
"Gimme Shelter"

Jerry
    $1200 14
hepatitis

Jerry
    $5,600 28
(Jerry: Who is Plessy?)

Dred Scott

Jerry
    $1200 23
(Sarah: What is mole?)

hog

Sarah
Triple Stumper
    $1200 8
genocide

Rachel
    $1200 4
Sense and Sensibility

Sarah
    $1600 20
Eminem

Jerry
    $1600 15
Parma

Rachel
    $1600 26
Maine

Triple Stumper
    $1600 24
Norway

Triple Stumper
    $1600 9
gefilte fish

Jerry
    $1600 5
Mansfield Park

Sarah
    $2000 21
Jenny

Triple Stumper
    $2000 16
Bahá'í

Triple Stumper
    $2000 25
Socialist

Jerry
    $2000 27
(Rachel: What is the Holland Tunnel?)
(Jerry: What is the Holland Tunnel?)

Lincoln Tunnel

JerryRachel
Triple Stumper
    $6,200 10
(Jerry: What is fuchsia?)

magenta

Jerry
    $2000 6
[Applause for Sarah's run of the category]
(Alex: Now, aren't you happy that you read all those Jane Austen books when you were a young girl?)

Northanger Abbey

Sarah

Scores at the end of the Double Jeopardy! Round:

Jerry Sarah Rachel
$800 $12,800 $4,800
(lock game)

[wagering suggestions for these scores]

Final Jeopardy! Round responses

ACTORS
(Alex: [To Rachel] I like your spelling there, in honor of the Christmas season.)
JerryWho is Yul Brynner?
$800
RachelWho is Yule Brenner
$3,000
SarahWho is Peter O'Toole?
$2,200
Yul Brynner

Final scores:

Jerry Sarah Rachel
$1,600 $10,600 $7,800
3rd place: $1,000 New champion: $10,600 2nd place: $2,000

Game dynamics:

Coryat scores:

Jerry Sarah Rachel
$12,600 $13,000 $4,800
19 R,
4 W
(including 2 DDs)
19 R
(including 1 DD),
1 W
8 R,
1 W

Combined Coryat: $30,400

The J! Archive is created by fans, for fans. The Jeopardy! game show and all elements thereof, including but not limited to copyright and trademark thereto, are the property of Jeopardy Productions, Inc. and are protected under law. This website is not affiliated with, sponsored by, or operated by Jeopardy Productions, Inc. Join the discussion at JBoard.tv.